Цивільний кодекс України (Запис № 578777)

МАРК-запис
000 -Лідер
fixed length control field 00978 a2200229 4500
003 - Ідентифікатор контрольного номера
control field UA-OsUOA
005 - Дата та час останнього входження (трансакції)
control field 20250519122315.0
008 - Елементи даних фіксованої довжини – загальна інформація
fixed length control field 250519b un ||||| |||| 00| 0 ukr d
020 ## - Міжнародний стандартний книжковий номер (ISBN)
Міжнародний стандартний книжковий номер (ISBN) (НП) 9786176240082
040 ## - Джерело каталогізації
Мова каталогізації ukr
Агенція, яка здійснювала перезапис UA-OsUOA
080 ## - Індекс Універсальної десяткової класифікації
Індекс Універсальної десяткової класифікації (УДК) (НП) 347.1(477)(094.4)
090 ## - Локальний шифр розміщення
Класифікаційний індекс УДК 347.1(477)(094.4)
Авторський знак (НП) Ц30
245 ## - Відомості про назву
Назва (НП) Цивільний кодекс України
Решта назви (НП) нормативні документи з урахуванням останніх змін в редакції станом на 03.08.2020 р.
260 ## - Публікація, розповсюдження і т.п. (Вихідні дані)
Місце публікації, розповсюдження і т.п. (П) Суми
Ім’я/ наймення видавництва, розповсюджувача і т.п. (П) ВВП НОТІС
Дата публікації, розповсюдження і т.п. (П) 2020
300 ## - Фізичний опис
Обсяг 376 с.
490 ## - Область серії
Назва серії Законодавство України
500 ## - Загальна примітка
Загальна примітка Відповідає офіційному тексту
650 ## - Додаткове предметне введення – тематичний термін
Тематичний термін чи географічна назва, як елемент введення (НП) 347.1 Загальна частина цивільного права
9 (RLIN) 20449
942 ## - Додаткові елементи входу (Коха)
Тип елемента Koha Книги
Source of classification or shelving scheme Universal Decimal Classification
955 ## - Код типу видання за змістом
Код типу видання за змістом (НП) Довідкові видання
Фонди
Стан вилучень Стан втрат Джерело класифікації або схеми стелажів Стан уражень Не для кредиту Постійне місце розташування Поточне розміщення Дата придбання Джерело придбання Вартість, звичайна ціна покупки Усього замовленно Повний номер виклику Штрих-код Дата останнього перегляду Дата останньої перевірки Вартість, ціна заміни Ціна ефективна від Тип елемента Koha
    Universal Decimal Classification     ЧЗ - Читальна зала ЧЗ - Читальна зала 19/05/2025 №33/14.05.2025 50.00 1 347.1(477)(094.4) Ц30 168674 08/09/2025 08/09/2025 50.00 19/05/2025 Книги